Mixed Word: First/Last Letter III Quiz Stats

Quiz Updated Aug 23, 2017

Challenge
Share
Tweet
Embed
Score 0/14 Timer 02:00
0 Plays Today
Hint Answer % Correct
DINEFinder
87.9%
LANDCandle
78.4%
LENTAntler
76.8%
TOESPoster
76.5%
SOURGrouse
74%
ARIDTirade
70.7%
MARTWarmth
67.7%
Hint Answer % Correct
RAGSOrgasm
66.1%
DEANTandem
61.3%
NERDArdent
57%
ROMPImport
50.2%
RANTOrnate
46.7%
CHATScathe
36.2%
GONECogent
31.2%

You're not logged in!

Compare scores with friends on all Sporcle quizzes.
Sign Up with Email
OR
Log In

You Might Also Like...

Show Comments

Extras

Top Quizzes Today


Score Distribution

Your Account Isn't Verified!

In order to create a playlist on Sporcle, you need to verify the email address you used during registration. Go to your Sporcle Settings to finish the process.

Report this User

Report this user for behavior that violates our Community Guidelines.

Details: